ბათუმის შოთა რუსთაველის სახელმწიფო უნივერსიტეტის ბიბლიოთეკა

Гидравлические расчеты нефтепродуктов и насосных станций. (ბიბ.ჩანაწერი № 37011)

000 -LEADER
fixed length control field 00746nam a2200229Ia 4500
001 - CONTROL NUMBER
control field 2963
003 - CONTROL NUMBER IDENTIFIER
control field GE_BSU
008 - FIXED-LENGTH DATA ELEMENTS--GENERAL INFORMATION
fixed length control field 181216s||||||||xx |||||||||||||| ||und||
040 ## - CATALOGING SOURCE
Transcribing agency GE_BSU
080 ## - UNIVERSAL DECIMAL CLASSIFICATION NUMBER
Universal Decimal Classification number 621.43(035.3)
100 ## - MAIN ENTRY--PERSONAL NAME
Personal name Зимин,А.А.
245 ## - TITLE STATEMENT
Title Гидравлические расчеты нефтепродуктов и насосных станций.
245 ## - TITLE STATEMENT
Remainder of title Справочник.
245 ## - TITLE STATEMENT
Statement of responsibility, etc. Вед. ред. М.М.Новикова.
260 ## - PUBLICATION, DISTRIBUTION, ETC.
Place of publication, distribution, etc. М.
260 ## - PUBLICATION, DISTRIBUTION, ETC.
Name of publisher, distributor, etc. Гостоптехиздат.
260 ## - PUBLICATION, DISTRIBUTION, ETC.
Date of publication, distribution, etc. 1962.
300 ## - PHYSICAL DESCRIPTION
Extent 110 стр.20 см.
300 ## - PHYSICAL DESCRIPTION
Accompanying material табл.
653 ## - INDEX TERM--UNCONTROLLED
Uncontrolled term Гидравлические расчеты нефтепродуктов и насосных станций.
942 ## - ADDED ENTRY ELEMENTS (KOHA)
Koha item type წიგნი
ეგზემპლარები
Withdrawn status Lost status Damaged status Not for loan Date acquired Barcode Date last seen Price effective from Koha item type
        2018-12-17 9321 2018-12-17 2018-12-17 წიგნი